000 01046nam a22002297a 4500
999 _c768
_d768
003 AR-CdUCM
008 190225b ||||| |||| 00| 0 spa d
040 _aMUNICIPALIDAD PROVINCIAL DEL CUSCO
_cBIBLIOTECA MUNICIPAL DEL CUSCO
082 _a320.5 /
_bR78
100 _aRojas Oviedo, Roberto S.
_92942
245 _aPerú: País sin identidad cultural :
_bDel eurocentrismo a la cultura global /
_cRoberto s. Rojas Oviedo
260 _aCusco :
_bEdmundo Pantigoso,
_c2001.
300 _a517 paginas ;
_c20 cm.
505 _aTeorías baldías relacionadas al continente americano -- divergencia cultural europea y cultura nacional -- Cultura política y vigencia del estado -- régimen, partido político, desarrollo, dependencia, identidad cultural y nacionalismo -- Ideología y procesos de reflexión ...
650 _aNacionalismo
_92901
650 _aIdentidad cultural
_92943
650 _aMulticulturalismo
_92944
650 _aIdeología política
_92945
650 _aNacionalismo
_92901
942 _2ddc
_cLIBROS
945 _aacv
_d2019-02-25